00401pam a2200133 a 4500020000500000041000500005100002700010245005700037260003300094300000900127930000900136999001900145952010300164 c h aR. J. Ranjit Daniless. aAmphibian Ans of Peninsular IndiahTextual Documents a[s.l]:bUniversitiess Press. a268. a2389 c248240d248240 001040708General aEVPbEVPd2017-05-23l0o pEVP-D161r2023-04-03 00:00:00t1w2023-04-03yBK